000 00344nam a2200121Ia 4500
008 220216s9999 xx 000 0 und d
100 _aVarghese S
245 0 _aRubber nanocomposites barrier coatings offer higher properties
260 _bRubber Asia
_c2013
300 _a154,156,158,160,162.00
650 _aRubber nanocomposites
942 _cBS
999 _c51430
_d51430